[Event "ICS Rated blitz match"]
[Site "204.178.125.65"]
[Date "2000.03.23"]
[Round "?"]
[White "Beadle"]
[Black "Hossa"]
[Result "1-0"]
[WhiteElo "2498"]
[BlackElo "2506"]
[PlyCount "125"]

1. e4 c6 2. d4 d5 3. exd5 cxd5 4. c4 Nf6 5. Nc3 e6 6. Nf3 Be7 7. cxd5 Nxd5 8.
Bd3 O-O 9. O-O Nc6 10. Re1 Nf6 11. a3 b6 12. Be3 Bb7 13. Rc1 Rc8 14. Bb1 Qc7
15. Bg5 h6 16. Nb5 Qd7 17. Bxf6 Bxf6 18. Be4 a6 19. Nc3 Rfd8 20. d5 exd5 21.
Qxd5 Qg4 22. Qa2 Bxc3 23. Rxc3 Re8 24. Qb1 Qd7 25. Bf5 Rxe1+ 26. Nxe1 Qe8 27.
Re3 Qd8 28. Bxc8 Bxc8 29. Qd3 Qf8 30. Qc4 Bb7 31. Nd3 Qd8 32. Rf3 Qd7 33. Rf4
b5 34. Qb3 Qe7 35. Qd5 Nd8 36. Qe5 Nc6 37. Qxe7 Nxe7 38. Rd4 Bc6 39. Nb4 a5 40.
Rd8+ Kh7 41. Nxc6 Nxc6 42. Rd6 Ne7 43. Rd7 Nc6 44. Rxf7 Nd4 45. Rd7 Nc6 46. Rd5
b4 47. a4 g5 48. Rc5 Nd4 49. Rxa5 Ne2+ 50. Kf1 Nf4 51. Rb5 Kg7 52. a5 g4 53. a6
g3 54. hxg3 Ne6 55. a7 Nd4 56. Rb7+ Kf6 57. Rb6+ Ke5 58. a8=Q Ne6 59. Qe8 Kd4
60. Rd6+ Kc4 61. Qxe6+ Kb5 62. Qd5+ Ka4 63. Ra6# 1-0

[Event "ICS rated bullet match"]
[Site "204.178.125.65"]
[Date "2000.03.23"]
[Round "?"]
[White "Hossa"]
[Black "chekmate"]
[Result "1-0"]
[WhiteElo "2614"]
[BlackElo "1571"]
[PlyCount "53"]

1. d4 c6 2. c4 d6 3. Nf3 Nd7 4. Bf4 Qc7 5. Nc3 e5 6. dxe5 dxe5 7. Bd2 Ngf6 8.
g3 Bc5 9. Bh3 O-O 10. O-O e4 11. Ng5 Ne5 12. Bxc8 Raxc8 13. Ncxe4 Nxe4 14. Nxe4
Be7 15. Bf4 f6 16. Qd4 c5 17. Qd5+ Kh8 18. Ng5 Rcd8 19. Nf7+ Nxf7 20. Bxc7 Rxd5
21. cxd5 Bd6 22. Bxd6 Nxd6 23. Rfd1 b6 24. Rac1 Re8 25. Rc2 Re5 26. Kg2 Nc4 27.
Rxc4 1-0

[Event "ICS rated bullet match"]
[Site "204.178.125.65"]
[Date "2000.03.23"]
[Round "?"]
[White "chekmate"]
[Black "Hossa"]
[Result "0-1"]
[WhiteElo "1571"]
[BlackElo "2614"]
[PlyCount "32"]

1. d4 Nf6 2. e3 g6 3. Bd3 Bg7 4. Nd2 Nc6 5. f4 Nd5 6. Ndf3 O-O 7. c4 Ndb4 8.
Bb1 d5 9. a3 Na6 10. b4 dxc4 11. b5 Nxd4 12. exd4 Nc5 13. dxc5 Qxd1+ 14. Kxd1
Bxa1 15. Ba2 Rd8+ 16. Bd2 c3 0-1

[Event "ICS rated bullet match"]
[Site "204.178.125.65"]
[Date "2000.03.23"]
[Round "?"]
[White "PostModernist"]
[Black "Hossa"]
[Result "1-0"]
[WhiteElo "2522"]
[BlackElo "2614"]
[PlyCount "213"]

1. e4 e5 2. d4 exd4 3. c3 dxc3 4. Bc4 cxb2 5. Bxb2 d5 6. Bxd5 Nf6 7. Bxf7+ Kxf7
8. Qxd8 Bb4+ 9. Qd2 Bxd2+ 10. Nxd2 Re8 11. Ngf3 Nc6 12. O-O Bg4 13. e5 Nd5 14.
Rfd1 Kg8 15. h3 Bh5 16. Rac1 Ndb4 17. Ra1 Nd3 18. Bc3 Ncxe5 19. Nxe5 Nxe5 20.
f3 Bf7 21. Ne4 Rac8 22. Rac1 Nc4 23. Ng5 Nb6 24. Nxf7 Kxf7 25. Bd4 g6 26. Kf2
c6 27. Re1 Rxe1 28. Rxe1 c5 29. Be5 Nc4 30. Bc3 b5 31. Re4 Re8 32. Rh4 Kg8 33.
Re4 Kf8 34. Rf4+ Kg8 35. Re4 Rxe4 36. fxe4 Kf7 37. Be1 Ne5 38. Kg3 Nd3 39. Bd2
c4 40. Kf3 a6 41. Ke3 Ke6 42. Kd4 Kd6 43. h4 Ke6 44. Ke3 Ke5 45. Bc3+ Kd6 46.
a3 Kc6 47. g4 h5 48. gxh5 gxh5 49. Bb4 Kb6 50. Bc3 Kc5 51. Bd2 Kd6 52. Bc3 Ke6
53. Bd2 Ke5 54. Bc3+ Kd6 55. Ba5 Kd7 56. Bc3 Kc8 57. Kd4 Kc7 58. Kd5 Nf4+ 59.
Kc5 Ne2 60. Ba5+ Kb7 61. Kb4 Nd4 62. Kc3 Nb3 63. Bd8 Nc5 64. e5 Kc6 65. Be7 Ne6
66. Bf6 Nf4 67. Bg5 Ne2+ 68. Kb4 Nd4 69. a4 Kd5 70. axb5 axb5 71. Bf6 Nc6+ 72.
Kxb5 c3 73. e6 c2 74. Bb2 Nd4+ 75. Kb4 Nxe6 76. Kc3 Nd4 77. Kd2 Nf3+ 78. Kxc2
Ke4 79. Bf6 Kf5 80. Be7 Ke6 81. Bd8 Kd7 82. Bf6 Kd6 83. Kd3 Kd5 84. Ke3 Nh2 85.
Kf4 Ng4 86. Bb2 Nf2 87. Kg5 Nd3 88. Bc3 Nf2 89. Kxh5 Nh3 90. Kg4 Ng1 91. h5 Ne2
92. Ba1 Nc1 93. h6 Nd3 94. h7 Nc5 95. h8=Q Kc4 96. Kf5 Kb5 97. Qb8+ Kc4 98. Qb6
Kd5 99. Qb5 Kd6 100. Be5+ Kd5 101. Kf6 Ke4 102. Qxc5 Kf3 103. Qc2 Ke3 104. Bb8
Kd4 105. Ba7+ Kd5 106. Qc5+ Ke4 107. Qf5# 1-0

[Event "ICS rated bullet match"]
[Site "204.178.125.65"]
[Date "2000.03.23"]
[Round "?"]
[White "Hossa"]
[Black "PostModernist"]
[Result "0-1"]
[WhiteElo "2594"]
[BlackElo "2542"]
[PlyCount "84"]

1. d4 d5 2. c4 e6 3. Nc3 c6 4. e3 Nf6 5. Nf3 Nbd7 6. cxd5 exd5 7. Bd3 Bd6 8.
O-O O-O 9. Bd2 Re8 10. Qc2 Qe7 11. Nh4 Nb6 12. Rac1 Qc7 13. Nf3 Bg4 14. Nb5 Qe7
15. Nxd6 Qxd6 16. Ne5 Be6 17. f3 Nbd7 18. Nxd7 Bxd7 19. Rfe1 b6 20. b3 a5 21.
Bc3 Re7 22. Bb2 Ree8 23. Ba1 Re7 24. g3 Rae8 25. e4 dxe4 26. fxe4 Ng4 27. e5
Qh6 28. Be4 f6 29. Bf3 f5 30. Qc4+ Re6 31. Bxg4 fxg4 32. Qa6 Qd2 33. Bc3 Qxa2
34. Qb7 Rh6 35. h4 gxh3 36. Bb2 Qxb2 37. Rc2 Qxc2 38. Re2 h2+ 39. Kf2 Rf8+ 40.
Ke3 Qc3+ 41. Ke4 h1=Q+ 42. Rg2 Qxg2# 0-1

[Event "ICS rated standard match"]
[Site "204.178.125.65"]
[Date "2000.03.23"]
[Round "?"]
[White "Hossa"]
[Black "QueenMaxima"]
[Result "1-0"]
[WhiteElo "2236"]
[BlackElo "2296"]
[PlyCount "105"]

1. Nf3 Nf6 2. g3 c5 3. c4 d5 4. cxd5 Nxd5 5. Nc3 e6 6. e4 Nb4 7. d3 N8c6 8. a3
Qa5 9. Be3 Na6 10. d4 cxd4 11. Nxd4 Nxd4 12. Bxd4 Nb8 13. b4 Qd8 14. Bb5+ Bd7
15. Bxd7+ Nxd7 16. O-O e5 17. Be3 Rc8 18. Nd5 a6 19. Qd3 Be7 20. Rfc1 Bd6 21.
Rxc8 Qxc8 22. Rc1 Qb8 23. b5 axb5 24. Qxb5 Qd8 25. Bb6 Qb8 26. Bc7 Bxc7 27.
Rxc7 O-O 28. Qxd7 Kh8 29. Rxb7 Qa8 30. Qe7 Kg8 31. Kg2 Qc8 32. a4 h6 33. a5 Qe8
34. a6 Qxe7 35. Nxe7+ Kh7 36. a7 Ra8 37. Nd5 Kg6 38. Nc7 Rxa7 39. Rxa7 Kh7 40.
Ne8 Kg8 41. Kh3 g6 42. Kh4 Kf8 43. Nd6 f6 44. Rf7+ Kg8 45. Rxf6 Kg7 46. Ne8+
Kg8 47. Kg4 Kh7 48. Rf8 g5 49. Kf5 g4 50. Rf7+ Kg8 51. Kg6 h5 52. Nf6+ Kh8 53.
Rf8# 1-0

[Event "ICS rated bullet match"]
[Site "204.178.125.65"]
[Date "2000.03.23"]
[Round "?"]
[White "Hossa"]
[Black "PostModernist"]
[Result "1-0"]
[WhiteElo "2581"]
[BlackElo "2560"]
[PlyCount "105"]

1. e4 c6 2. d4 d5 3. Nc3 dxe4 4. Nxe4 Nd7 5. Bc4 Ngf6 6. Ng5 e6 7. Qe2 Nb6 8.
Bd3 h6 9. N5f3 c5 10. dxc5 Bxc5 11. Ne5 Nbd7 12. Ngf3 Qc7 13. O-O O-O 14. Bf4
Bd6 15. Rfe1 Nxe5 16. Nxe5 b6 17. Qf3 Bb7 18. Qh3 Rfd8 19. Rad1 Qc5 20. Nxf7
Kxf7 21. Qxe6+ Kf8 22. Bc4 Qxc4 23. Bxd6+ Rxd6 24. Qxc4 Rxd1 25. Rxd1 Rc8 26.
Qa4 Ra8 27. Qb4+ Kg8 28. Qe7 Ba6 29. Rd8+ Rxd8 30. Qxd8+ Kh7 31. Qa8 Bc4 32.
Qxa7 b5 33. b3 Be6 34. Qb8 Bf5 35. Qxb5 Bxc2 36. Qb8 Be4 37. a4 Nd5 38. Qc8 h5
39. h4 Bd3 40. Qd8 Be4 41. f3 Bxf3 42. gxf3 Nf4 43. Kf2 Ng6 44. Qg5 Nf8 45.
Qxh5+ Kg8 46. a5 Nd7 47. Qe8+ Nf8 48. a6 Kh7 49. Qxf8 Kh6 50. h5 Kg5 51. Qxg7+
Kf5 52. Qe7 Kf4 53. Qf6# 1-0

[Event "ICS rated bullet match"]
[Site "204.178.125.65"]
[Date "2000.03.23"]
[Round "?"]
[White "PostModernist"]
[Black "Hossa"]
[Result "1-0"]
[WhiteElo "2545"]
[BlackElo "2596"]
[PlyCount "67"]

1. e4 d6 2. d4 Nf6 3. Nc3 g6 4. Be2 Nbd7 5. Be3 Bg7 6. h4 e5 7. Qd2 exd4 8.
Bxd4 O-O 9. O-O-O Re8 10. f3 Ne5 11. g4 Nc6 12. Be3 Be6 13. Bh6 Re7 14. Bxg7
Kxg7 15. Bb5 Ne5 16. g5 Nh5 17. f4 Ng4 18. Nf3 Kg8 19. Bd3 Ng7 20. Rhg1 Qc8 21.
Nd4 f5 22. exf5 Bxf5 23. Nxf5 gxf5 24. Bc4+ Kf8 25. Rge1 Rxe1 26. Rxe1 b5 27.
Nxb5 Ne8 28. Qd5 Nh6 29. gxh6 Qe6 30. Qxe6 d5 31. Qxf5+ Kg8 32. Bxd5+ Kh8 33.
Rxe8+ Rxe8 34. Qf6# 1-0

[Event "ICS rated bullet match"]
[Site "204.178.125.65"]
[Date "2000.03.23"]
[Round "?"]
[White "Hossa"]
[Black "APetelin"]
[Result "1-0"]
[WhiteElo "2578"]
[BlackElo "2256"]
[PlyCount "111"]

1. e4 e5 2. Nf3 Nc6 3. Bb5 a6 4. Ba4 Nf6 5. O-O Nxe4 6. d4 b5 7. Bb3 d5 8. dxe5
Be6 9. c3 Bc5 10. Nbd2 O-O 11. Bc2 Nxf2 12. Rxf2 f6 13. exf6 Bxf2+ 14. Kxf2
Qxf6 15. Nf1 Ne5 16. Be3 Rae8 17. Bc5 Rf7 18. N1d2 Bg4 19. Kg1 Nxf3+ 20. Nxf3
Bxf3 21. gxf3 Qxf3 22. Qxf3 Rxf3 23. Kg2 Rf6 24. Bd3 c6 25. a4 Rfe6 26. axb5
cxb5 27. b3 Rc6 28. Bd4 h6 29. Rg1 g5 30. Rf1 Rf8 31. Bh7+ Kxh7 32. Rxf8 Kg6
33. Rd8 Re6 34. Rxd5 Rc6 35. Rd7 Re6 36. Rd8 Kf5 37. Rf8+ Ke4 38. Rf1 Kd3 39.
Rf2 Rc6 40. h3 Re6 41. Bg7 h5 42. Kg3 Re3+ 43. Rf3 Ke4 44. Rxe3+ Kxe3 45. Bf6
Kd3 46. b4 g4 47. hxg4 hxg4 48. Kxg4 Kc4 49. Kf3 Kd3 50. Be5 Kc4 51. Ke4 Kb3
52. Kd3 Ka4 53. Kd4 a5 54. Kc5 axb4 55. cxb4 Kb3 56. Kxb5 1-0

[Event "ICS rated standard match"]
[Site "204.178.125.65"]
[Date "2000.03.23"]
[Round "?"]
[White "Stevie-D"]
[Black "Hossa"]
[Result "0-1"]
[WhiteElo "1958"]
[BlackElo "2255"]
[PlyCount "20"]

1. e4 e5 2. Nf3 Nc6 3. Bb5 a6 4. Bxc6 dxc6 5. O-O Qd6 6. d4 exd4 7. Nxd4 Bd7 8.
e5 Qc5 9. Be3 Qxe5 10. Re1 O-O-O 0-1

[Event "ICS rated standard match"]
[Site "204.178.125.65"]
[Date "2000.03.23"]
[Round "?"]
[White "Hossa"]
[Black "buz"]
[Result "1-0"]
[WhiteElo "2256"]
[BlackElo "2041"]
[PlyCount "50"]

1. d4 Nf6 2. c4 e6 3. Nf3 Bb4+ 4. Bd2 Bxd2+ 5. Qxd2 d5 6. g3 O-O 7. Bg2 c6 8.
O-O Nbd7 9. b3 a6 10. Nc3 b5 11. cxd5 cxd5 12. Rfc1 Bb7 13. Rc2 b4 14. Na4 a5
15. Ng5 h6 16. Nf3 Bc6 17. Rxc6 Ne4 18. Qe1 Rb8 19. Rac1 Nb6 20. Nxb6 Rxb6 21.
Rc7 Nc3 22. R1xc3 bxc3 23. Qxc3 Rb5 24. Ne5 Qd6 25. Bh3 Kh7 1-0

[Event "ICS rated standard match"]
[Site "204.178.125.65"]
[Date "2000.03.23"]
[Round "?"]
[White "buz"]
[Black "Hossa"]
[Result "0-1"]
[WhiteElo "2000"]
[BlackElo "2257"]
[PlyCount "52"]

1. d4 d5 2. c4 c6 3. Nf3 Nf6 4. Nc3 e6 5. Bg5 dxc4 6. Bxf6 gxf6 7. e3 b5 8. a4
Bb4 9. axb5 cxb5 10. Be2 Bb7 11. O-O Bxc3 12. bxc3 Nd7 13. Nd2 f5 14. Qc2 Nf6
15. Qb2 Qd7 16. f3 Nd5 17. e4 Ne3 18. Rfe1 Rg8 19. g3 f4 20. Kf2 e5 21. Rg1
O-O-O 22. Qa2 a6 23. gxf4 exd4 24. cxd4 Qxd4 25. Rxg8 Nc2+ 26. Kf1 Rxg8 0-1

[Event "ICS rated blitz match"]
[Site "204.178.125.65"]
[Date "2000.03.23"]
[Round "?"]
[White "Hossa"]
[Black "dlugatsch"]
[Result "1/2-1/2"]
[WhiteElo "2490"]
[BlackElo "2226"]
[PlyCount "41"]

1. d4 Nf6 2. c4 d6 3. Nf3 Nbd7 4. Nc3 e5 5. e4 Be7 6. dxe5 dxe5 7. Be2 O-O 8.
O-O c6 9. Bg5 h6 10. Bxf6 Bxf6 11. Qd6 Re8 12. Rfd1 Qe7 13. Rab1 Nc5 14. Qxe7
Rxe7 15. Rd8+ Kh7 16. Rbd1 Ne6 17. R8d6 Nd4 18. Rd8 Ne6 19. R8d6 Nd4 20. Rd8
Ne6 21. R8d6 1/2-1/2

[Event "ICS rated blitz match"]
[Site "204.178.125.65"]
[Date "2000.03.23"]
[Round "?"]
[White "Hossa"]
[Black "BBR"]
[Result "1-0"]
[WhiteElo "2480"]
[BlackElo "1876"]
[PlyCount "55"]

1. e4 c5 2. Nf3 d6 3. d4 cxd4 4. Nxd4 Nf6 5. Nc3 g6 6. Be3 Bg7 7. f3 O-O 8. Qd2
Nc6 9. Bc4 Bd7 10. O-O-O Qb8 11. Nxc6 bxc6 12. Ba6 d5 13. Bd4 e6 14. Qg5 h6 15.
Qh4 e5 16. Bc5 g5 17. Qf2 d4 18. Na4 Rd8 19. h4 g4 20. Be7 h5 21. Bxf6 Bxf6 22.
fxg4 Bxg4 23. Qxf6 Bxd1 24. Bc4 Qc7 25. Rxd1 Rd6 26. Qxe5 Rb8 27. Qg5+ Rg6 28.
Qxg6+ 1-0

[Event "ICS rated standard match"]
[Site "204.178.125.65"]
[Date "2000.03.23"]
[Round "?"]
[White "carjumut"]
[Black "Hossa"]
[Result "1/2-1/2"]
[WhiteElo "2063"]
[BlackElo "2258"]
[PlyCount "124"]

1. e4 c5 2. Nf3 d6 3. d4 cxd4 4. Nxd4 Nf6 5. Nc3 a6 6. Be3 e5 7. Nb3 Be7 8. f3
Be6 9. Be2 O-O 10. O-O Nc6 11. Qd2 d5 12. exd5 Nxd5 13. Nxd5 Bxd5 14. Rfd1 Bxb3
15. cxb3 Qxd2 16. Rxd2 Nd4 17. Bxd4 exd4 18. Kf1 Rad8 19. Rad1 Bf6 20. b4 Rfe8
21. a4 Re6 22. Bc4 Rc6 23. b3 Rb6 24. b5 Rbd6 25. bxa6 bxa6 26. Re2 a5 27. Rde1
g6 28. Re8+ Kg7 29. Rxd8 Rxd8 30. Ke2 Be7 31. Kd3 Bb4 32. Re4 Bc3 33. Re7 Rf8
34. g4 h5 35. h3 Kf6 36. Rd7 hxg4 37. hxg4 g5 38. Rd5 Kg6 39. Rf5 f6 40. Bd5
Re8 41. Be4 Kg7 42. Rb5 Re7 43. Rb7 Rxb7 44. Bxb7 Kf7 45. Ke4 Ke7 46. Bd5 Kd7
47. Bc4 Kd6 48. Kf5 Ke7 49. f4 Bd2 50. fxg5 fxg5 51. Ke5 Be3 52. Bd3 Ke8 53.
Ke6 Kf8 54. Kd6 Bd2 55. Kd5 Bc3 56. Ke6 Kg7 57. Kf5 Bd2 58. Ke5 Bc3 59. Kf5 Bd2
60. Ke5 Bc3 61. Kf5 Bd2 62. Ke5 Bc3 1/2-1/2

[Event "ICS rated bullet match"]
[Site "204.178.125.65"]
[Date "2000.03.23"]
[Round "?"]
[White "narcis"]
[Black "Hossa"]
[Result "0-1"]
[WhiteElo "1810"]
[BlackElo "2558"]
[PlyCount "74"]

1. e4 c5 2. Nf3 e6 3. d4 cxd4 4. Nxd4 Nf6 5. Nc3 d6 6. Bc4 a6 7. O-O Nc6 8. Be3
Be7 9. Qd2 Ng4 10. f3 Nxe3 11. Qxe3 O-O 12. Qd2 Qb6 13. Nce2 e5 14. c3 exd4 15.
cxd4 Bf6 16. Kh1 Nxd4 17. Nxd4 Bxd4 18. Rab1 Be6 19. b3 Be3 20. Qd3 Qc5 21.
Rfe1 Bf2 22. Rf1 Bxc4 23. bxc4 b6 24. Qe2 Bd4 25. Rfd1 Rfe8 26. Qd3 Be3 27.
Qxd6 Qxc4 28. Qd3 Qxd3 29. Rxd3 Bc5 30. Rd5 Rad8 31. Rxd8 Rxd8 32. h3 Rd2 33.
Kh2 Rxa2 34. Kg3 Bf2+ 35. Kg4 Ra5 36. g3 h5+ 37. Kf4 g5# 0-1

[Event "ICS rated blitz match"]
[Site "204.178.125.65"]
[Date "2000.03.23"]
[Round "?"]
[White "thomasv"]
[Black "Hossa"]
[Result "0-1"]
[WhiteElo "1889"]
[BlackElo "2481"]
[PlyCount "47"]

1. d4 Nf6 2. c4 e6 3. Nc3 Bb4 4. Qc2 d5 5. cxd5 exd5 6. Bf4 g6 7. e3 Nh5 8. Be5
f6 9. Bg3 Nxg3 10. hxg3 Bf5 11. Bd3 Bxd3 12. Qxd3 Bxc3+ 13. bxc3 O-O 14. Ne2
Qe7 15. O-O Qf7 16. Nf4 g5 17. Ne2 Nc6 18. Rab1 Rab8 19. Rfc1 Na5 20. Rb4 Nc4
21. Rcb1 c6 22. Nc1 a5 23. R4b3 Rfe8 24. Ne2 0-1

[Event "ICS rated bullet match"]
[Site "204.178.125.65"]
[Date "2000.03.23"]
[Round "?"]
[White "BountyHunter"]
[Black "Hossa"]
[Result "1-0"]
[WhiteElo "2841"]
[BlackElo "2558"]
[PlyCount "125"]

1. e4 c5 2. c3 Nf6 3. e5 Nd5 4. Nf3 Nc6 5. Bc4 e6 6. d4 cxd4 7. cxd4 d6 8. O-O
dxe5 9. dxe5 Be7 10. Nc3 Nxc3 11. bxc3 O-O 12. Qc2 Qc7 13. Bd3 Kh8 14. Bf4 g6
15. Rfe1 Rd8 16. Rab1 Bf6 17. Qd2 Bg7 18. Bg5 Rd5 19. Bf6 Kg8 20. c4 Rd7 21.
Bxg7 Kxg7 22. Qe3 Qa5 23. Re2 Kg8 24. Rd2 Qd8 25. Rbd1 Nb4 26. Bxg6 hxg6 27.
Rxd7 Bxd7 28. Qd2 Nxa2 29. Qxd7 Qxd7 30. Rxd7 Rc8 31. Rxb7 Rxc4 32. g3 a5 33.
Ng5 Nc1 34. f4 Nd3 35. Nxf7 a4 36. Ng5 Rc6 37. Ra7 Nc5 38. Ra5 Rc8 39. Kf2 Rc6
40. Ke3 Rc8 41. Ne4 Nxe4 42. Kxe4 Rc4+ 43. Kf3 Kg7 44. Kg4 Rc2 45. Rxa4 Rxh2
46. Ra7+ Kf8 47. Kg5 Ke8 48. Kf6 Rc2 49. Re7+ Kf8 50. Rxe6 Rc3 51. Re7 Rxg3 52.
Ra7 Kg8 53. e6 Re3 54. e7 Re1 55. Ra8+ Kh7 56. e8=Q Rxe8 57. Rxe8 g5 58. Re4 g4
59. Kf7 g3 60. Re6 g2 61. Rg6 g1=R 62. Rxg1 Kh8 63. Rh1# 1-0

[Event "ICS rated standard match"]
[Site "204.178.125.65"]
[Date "2000.03.23"]
[Round "?"]
[White "Hossa"]
[Black "MissSilicon"]
[Result "1/2-1/2"]
[WhiteElo "2250"]
[BlackElo "2428"]
[PlyCount "183"]

1. e4 e5 2. Nf3 Nc6 3. Bb5 a6 4. Ba4 Nf6 5. O-O Be7 6. Re1 b5 7. Bb3 O-O 8. c3
d6 9. h3 Na5 10. Bc2 c5 11. d4 cxd4 12. cxd4 Bb7 13. Nc3 Qc7 14. dxe5 dxe5 15.
Nd5 Nxd5 16. exd5 Bxd5 17. Bxh7+ Kxh7 18. Qxd5 f6 19. Qe4+ Kg8 20. Qg6 Bc5 21.
Bh6 Qa7 22. Re2 Qf7 23. Qxf7+ Rxf7 24. Bd2 Nc4 25. b3 Nxd2 26. Rxd2 Rc8 27.
Rad1 Rfc7 28. h4 Bb4 29. Rd5 Rc2 30. Rd8+ Rxd8 31. Rxd8+ Kf7 32. a4 bxa4 33.
bxa4 Ra2 34. h5 Rxa4 35. Rd7+ Be7 36. Ra7 a5 37. g3 Ke6 38. Ra6+ Kd5 39. Ra7
Ra1+ 40. Kg2 Ke6 41. Ra6+ Kf7 42. Nh4 Ra2 43. Rc6 a4 44. Rc7 Ke6 45. g4 Bd6 46.
Rxg7 a3 47. h6 Bf8 48. Ra7 Bxh6 49. Nf5 Bf8 50. Ra6+ Kf7 51. Ra7+ Kg6 52. Kg3
Rb2 53. Nh4+ Kh6 54. Nf5+ Kg5 55. Ra8 Rb3+ 56. f3 Rb1 57. Ne3 Bc5 58. Rg8+ Kh6
59. Nf5+ Kh7 60. Ra8 Rb7 61. Ra5 Ra7 62. Rxc5 a2 63. Rc1 a1=Q 64. Rxa1 Rxa1 65.
Kg2 Ra2+ 66. Kg3 Rd2 67. Kh3 Kg6 68. Kg3 Kg5 69. Ng7 Rc2 70. Nf5 Rc3 71. Nd6 f5
72. Nf7+ Kf6 73. Nd6 Rd3 74. Nxf5 e4 75. Kf4 exf3 76. Ng3 Ke6 77. Ne4 Kd5 78.
Nf2 Ra3 79. g5 Ke6 80. Ne4 Kf7 81. Nf2 Kg6 82. Ng4 Kh5 83. Nf6+ Kh4 84. Ne4 Kh3
85. g6 Kg2 86. g7 Ra8 87. Kf5 f2 88. Nxf2 Kxf2 89. Kf6 Ke3 90. Kf7 Ra7+ 91. Kf8
Rxg7 92. Kxg7 1/2-1/2

[Event "ICS rated bullet match"]
[Site "204.178.125.65"]
[Date "2000.03.23"]
[Round "?"]
[White "MissSilicon"]
[Black "Hossa"]
[Result "1-0"]
[WhiteElo "2546"]
[BlackElo "2553"]
[PlyCount "159"]

1. d4 Nf6 2. c4 e6 3. Nc3 Bb4 4. e3 O-O 5. Nge2 d5 6. a3 Be7 7. cxd5 Nxd5 8.
Nxd5 exd5 9. Nf4 Bg5 10. Qf3 Bxf4 11. Qxf4 Be6 12. Bd3 g5 13. Qg3 Nd7 14. f4 f6
15. h4 h5 16. hxg5 Bg4 17. gxf6 Kf7 18. Bd2 Qxf6 19. O-O Kg8 20. Rac1 Rac8 21.
Be2 Qg6 22. Bxg4 Qxg4 23. Qxg4+ hxg4 24. f5 Nf6 25. Rf4 Rfe8 26. Kf2 Ne4+ 27.
Ke2 g3 28. Rh1 Kg7 29. Bb4 Rh8 30. Rxh8 Rxh8 31. Be7 Rh1 32. Bd8 Rg1 33. Kf3
Rf1+ 34. Kg4 Rg1 35. Bxc7 Rxg2 36. Rf1 Rf2 37. Rg1 g2 38. b4 b5 39. Kh3 Rxf5
40. Rxg2+ Kf8 41. Bf4 Rh5+ 42. Kg4 Rh7 43. Kf5 Re7 44. Rg6 Kf7 45. Ra6 Kg8 46.
Ra5 Nc3 47. Bg5 Rb7 48. Ra6 Ne4 49. Bf4 Re7 50. Ra5 Nc3 51. Bg5 Rb7 52. Ra6 Ne4
53. Bf4 Re7 54. Bb8 Rb7 55. Bxa7 Re7 56. Bb8 Rh7 57. Ra8 Kf7 58. Ra7+ Kg8 59.
Rxh7 Kxh7 60. Ke5 Nc3 61. Ke6 Kg6 62. Bg3 Nd1 63. e4 dxe4 64. d5 Ne3 65. d6 Nf5
66. d7 Nxg3 67. Ke5 Kg5 68. d8=Q+ Kg4 69. Qd7+ Kf3 70. Qd1+ Ne2 71. Qh1+ Kg3
72. Qf1 Nc3 73. Qe1+ Kg2 74. Qxc3 e3 75. Kf4 Kf1 76. Kf3 e2 77. Qd3 Kg1 78.
Qg6+ Kf1 79. Qg2+ Ke1 80. Qxe2# 1-0

[Event "ICS rated bullet match"]
[Site "204.178.125.65"]
[Date "2000.03.23"]
[Round "?"]
[White "Hossa"]
[Black "MissSilicon"]
[Result "0-1"]
[WhiteElo "2537"]
[BlackElo "2562"]
[PlyCount "84"]

1. e4 d5 2. exd5 Qxd5 3. Nc3 Qa5 4. d4 c6 5. Nf3 Bg4 6. Bc4 e6 7. Bd2 Qb6 8.
Ne2 Bxf3 9. gxf3 Bd6 10. Bb3 Nf6 11. Be3 Qc7 12. Rg1 O-O 13. Bh6 Ne8 14. h4 Kh8
15. Bd2 Nf6 16. c4 c5 17. dxc5 Bxc5 18. Rg5 Rd8 19. a3 Nbd7 20. Rg3 Ne5 21. Nf4
Qb6 22. Rg5 Bxf2+ 23. Kf1 Be3 24. Nd5 exd5 25. Rxe5 Bxd2 26. cxd5 Re8 27. Rxe8+
Rxe8 28. Qxd2 Qxb3 29. Kg2 Nxd5 30. Kg3 Re3 31. Qd1 Qc4 32. Rc1 Qf4+ 33. Kg2
Re8 34. Qxd5 Qxc1 35. Qxb7 Re2+ 36. Kh3 Qf1+ 37. Kg4 Qg2+ 38. Kf4 Qh2+ 39. Kg4
h5+ 40. Kxh5 Qe5+ 41. Kg4 Rg2+ 42. Kh3 Qg3# 0-1

[Event "ICS rated bullet match"]
[Site "204.178.125.65"]
[Date "2000.03.23"]
[Round "?"]
[White "Hossa"]
[Black "ty4a"]
[Result "0-1"]
[WhiteElo "2522"]
[BlackElo "1974"]
[PlyCount "46"]

1. d4 e6 2. c4 d6 3. e4 h5 4. Nf3 g6 5. Nc3 Bh6 6. Bxh6 Nxh6 7. Be2 Ng4 8. h3
Nh6 9. e5 b6 10. exd6 cxd6 11. Bd3 Bb7 12. d5 e5 13. O-O Ng4 14. hxg4 hxg4 15.
Ng5 Qxg5 16. Qa4+ Nd7 17. Nb5 Qh4 18. f4 g3 19. Nc7+ Kf8 20. Ne6+ fxe6 21.
fxe5+ Kg8 22. Rf8+ Rxf8 23. Qxd7 Qh1# 0-1

[Event "ICS rated bullet match"]
[Site "204.178.125.65"]
[Date "2000.03.23"]
[Round "?"]
[White "ty4a"]
[Black "Hossa"]
[Result "0-1"]
[WhiteElo "1995"]
[BlackElo "2491"]
[PlyCount "32"]

1. h4 e5 2. g3 Nf6 3. e3 Nc6 4. d3 Bb4+ 5. Bd2 Bxd2+ 6. Nxd2 d5 7. Bh3 Bxh3 8.
Nxh3 O-O 9. Ng5 Qe7 10. Nb3 h6 11. a4 hxg5 12. hxg5 Qb4+ 13. c3 Qg4 14. f3
Qxg3+ 15. Kd2 Qxg5 16. Qe2 d4 0-1

[Event "ICS rated bullet match"]
[Site "204.178.125.65"]
[Date "2000.03.23"]
[Round "?"]
[White "ty4a"]
[Black "Hossa"]
[Result "0-1"]
[WhiteElo "1991"]
[BlackElo "2495"]
[PlyCount "34"]

1. h4 e5 2. g3 Nf6 3. d3 Nc6 4. b3 Bb4+ 5. c3 Ba5 6. e3 d6 7. Bh3 O-O 8. Nf3
Bxh3 9. Rxh3 e4 10. Ng5 exd3 11. Qxd3 Qd7 12. Rh1 Rfe8 13. Bb2 Ne5 14. Qe2 h6
15. b4 hxg5 16. hxg5 Qc6 17. Rh3 Qg2 0-1

[Event "ICS rated bullet match"]
[Site "204.178.125.65"]
[Date "2000.03.23"]
[Round "?"]
[White "Hossa"]
[Black "APetelin"]
[Result "1-0"]
[WhiteElo "2503"]
[BlackElo "2251"]
[PlyCount "95"]

1. e4 e5 2. Nf3 Nc6 3. Bb5 a6 4. Ba4 Nf6 5. O-O Nxe4 6. d4 b5 7. Bb3 d5 8. dxe5
Be6 9. c3 Be7 10. Nbd2 Nc5 11. Nd4 Nxe5 12. Qh5 Nc4 13. Re1 O-O 14. Nxc4 bxc4
15. Nc6 Qd6 16. Bc2 g6 17. Nxe7+ Qxe7 18. Qe5 Qd6 19. Qd4 f6 20. Be3 Nd7 21.
Bf4 Qc6 22. Bxc7 Rae8 23. Bf4 Qb6 24. Qxb6 Nxb6 25. Bd6 Nd7 26. Bxf8 Nxf8 27.
Rad1 Ra8 28. Ba4 Rb8 29. Re2 Kf7 30. Bc6 Rd8 31. Rd4 Rd6 32. Bb7 Rb6 33. Bxd5
Bxd5 34. Rxd5 Ne6 35. Rd7+ Kg8 36. h4 Nf8 37. Rc7 Rd6 38. Rxc4 Rd1+ 39. Kh2 Ra1
40. Ra4 Rb1 41. Rxa6 Rc1 42. Rxf6 Rb1 43. Re8 Kg7 44. Rexf8 Rxb2 45. R6f7+ Kh6
46. Rh8 Kh5 47. Rhxh7+ Kg4 48. f3# 1-0

[Event "ICS rated bullet match"]
[Site "204.178.125.65"]
[Date "2000.03.23"]
[Round "?"]
[White "APetelin"]
[Black "Hossa"]
[Result "0-1"]
[WhiteElo "2245"]
[BlackElo "2509"]
[PlyCount "94"]

1. e4 c5 2. Nf3 Nc6 3. d4 cxd4 4. Nxd4 g6 5. Nc3 Bg7 6. Be3 Nf6 7. Bc4 O-O 8.
Bb3 a5 9. a4 Ng4 10. Qxg4 Nxd4 11. Bxd4 Bxd4 12. Qf3 d6 13. O-O-O Bxc3 14. Qxc3
Bd7 15. Qd3 b5 16. axb5 Qb6 17. Ba4 Qxf2 18. Rhf1 Qxg2 19. Kb1 Qxh2 20. Rh1 Qe5
21. Rh4 h5 22. Rg1 Bg4 23. Qe3 Rac8 24. Bb3 Qc5 25. Qc1 a4 26. Bxa4 Ra8 27. Bb3
Qa7 28. c3 e6 29. Rh2 Bf3 30. Re1 Qa1+ 31. Kc2 Qxc1+ 32. Rxc1 Bxe4+ 33. Kd2 d5
34. Ke3 f6 35. Rg1 Kf7 36. Bc2 Bxc2 37. Rxc2 Rab8 38. Rcg2 g5 39. Rh1 Kg6 40.
Rgh2 Rh8 41. b4 Rxb5 42. Kd3 e5 43. Rf1 e4+ 44. Kd4 Rc8 45. Rhf2 Rc4+ 46. Ke3
Rxc3+ 47. Kd2 Rc6 0-1

[Event "ICS rated bullet match"]
[Site "204.178.125.65"]
[Date "2000.03.23"]
[Round "?"]
[White "Hossa"]
[Black "APetelin"]
[Result "1-0"]
[WhiteElo "2515"]
[BlackElo "2239"]
[PlyCount "38"]

1. e4 d5 2. exd5 Qxd5 3. Nc3 Qa5 4. d4 Nf6 5. Nf3 Bg4 6. h3 Bh5 7. g4 Bg6 8.
Ne5 e6 9. Bg2 c6 10. O-O Bb4 11. g5 Nfd7 12. Nxg6 hxg6 13. Ne4 Na6 14. a3 Be7
15. c4 Rd8 16. Be3 Qf5 17. b4 Rxh3 18. Ng3 Rxg3 19. fxg3 Qxf1+ 1-0

[Event "ICS rated bullet match"]
[Site "204.178.125.65"]
[Date "2000.03.23"]
[Round "?"]
[White "ty4a"]
[Black "Hossa"]
[Result "0-1"]
[WhiteElo "2031"]
[BlackElo "2520"]
[PlyCount "34"]

1. g3 Nf6 2. d3 Nc6 3. e3 e5 4. h4 Bb4+ 5. Bd2 Bxd2+ 6. Nxd2 d5 7. Bh3 Bxh3 8.
Nxh3 O-O 9. Ng5 Qe7 10. a3 g6 11. Ndf3 h6 12. c3 hxg5 13. hxg5 Nd7 14. Ke2 e4
15. dxe4 dxe4 16. Nd4 Qxg5 17. Nxc6 Qb5+ 0-1